Lyrics to 'Something Serious' by Bruno Mars - Statistics

General Stats
  • This quiz has been taken 16 times
  • The average score is 115 of 161
Answer Stats
Answer % Correct
I
100%
it
100%
my
100%
serious
100%
some
100%
something
100%
Something
100%
to
100%
You
100%
you
100%
your
100%
baby
75%
bad
75%
be
75%
boo
75%
don't
75%
Don't
75%
for
75%
got
75%
I'll
75%
love?
75%
mans
75%
should
75%
thang
75%
that
75%
together
75%
understand
75%
Us
75%
want
75%
ya
75%
always
50%
and
50%
babies?
50%
back
50%
brown
50%
Bruno
50%
can
50%
Come
50%
come
50%
could
50%
Girl
50%
girl
50%
give
50%
have
50%
Let's
50%
me
50%
on
50%
pretty
50%
Pretty
50%
real
50%
You've
50%
about
25%
know
25%
light
25%
need
25%
Now
25%
Say
25%
talk
25%
Talk
25%
No matching quizzes found
Score Distribution
Percent of People with Each Score
Percentile by Number Answered
Your Score History
You have not taken this quiz